000 00673nam a22002177a 4500
003 DO-SdBNP
005 20171129154406.0
008 171108b 2005 sp ||||| |||| 00| 0 spa d
020 _a8498150280
040 _aBPMSU
_bspa
_cBPMSU
092 _axxxx
_bxxxx
100 1 _a Benavente, Jacinto,
_d1866-1954.
245 1 0 _aLos Intereses creados /
_cJacinto Benavente.
260 _aMadrid :
_b El País,
_c2005.
300 _a126 p. ;
_c20 cm.
490 1 _aClásicos españoles (El País)
_v32
830 0 _aClásicos españoles (El País)
_v32
942 _2ddc
_cBK
945 _aInventariado extranjero / 2017 YL
956 _aLOPEREZ
_b10
_c20171108
_h00041
_iBPMSU
999 _c12812
_d12812